000 00370nam a2200145 4500
999 _c510616
_d510616
008 190826b ||||| |||| 00| 0 eng d
100 _aDwivedi, Venkatesh
_98892
245 _aDriving a green transition for the environment
260 _c2019
300 _ap.33-35.
650 _aAir pollution
_98893
773 _aYojana
906 _aPollution
942 _2ddc
_cAR